Sélection de Tuiles - Drapeaux - Statistiques

Statistiques générales
  • Ce quiz a été pris 16 585 fois
  • Le résultat moyen est 88 sur 125
Statistiques - réponses
Question Tuile Select % Correct
des pays ayant plus de 100 millions d'habitants Non
99%
des pays ayant plus de 100 millions d'habitants Non
99%
des pays ayant plus de 100 millions d'habitants Non
99%
des pays ayant plus de 100 millions d'habitants Non
99%
des pays ayant plus de 100 millions d'habitants Oui
98%
des pays ayant plus de 100 millions d'habitants Non
96%
des pays ayant plus de 100 millions d'habitants Non
96%
des pays ayant plus de 100 millions d'habitants Oui
95%
des pays ayant plus de 100 millions d'habitants Non
95%
des pays ayant plus de 100 millions d'habitants Non
94%
des pays ayant plus de 100 millions d'habitants Non
94%
des pays ayant plus de 100 millions d'habitants Non
93%
des pays ayant plus de 100 millions d'habitants Non
93%
des pays ayant plus de 100 millions d'habitants Non
91%
des pays ayant 8 frontières terrestres ou plus Non
88%
des pays ayant 8 frontières terrestres ou plus Non
88%
des pays ayant 8 frontières terrestres ou plus Non
88%
des pays ayant 8 frontières terrestres ou plus Non
88%
des pays ayant 8 frontières terrestres ou plus Non
87%
des pays ayant 8 frontières terrestres ou plus Non
87%
des pays ayant 8 frontières terrestres ou plus Non
87%
des pays ayant 8 frontières terrestres ou plus Non
87%
des pays ayant 8 frontières terrestres ou plus Non
87%
des pays ayant 8 frontières terrestres ou plus Non
86%
des pays ayant plus de 100 millions d'habitants Non
85%
des pays ayant 8 frontières terrestres ou plus Non
85%
des pays ayant plus de 100 millions d'habitants Oui
84%
des pays ayant plus de 100 millions d'habitants Non
83%
des pays ayant 8 frontières terrestres ou plus Non
83%
des pays ayant 8 frontières terrestres ou plus Non
83%
des pays ayant plus de 100 millions d'habitants Non
81%
des pays ayant 8 frontières terrestres ou plus Non
81%
des pays ayant 8 frontières terrestres ou plus Non
81%
des pays bordés par l'Atlantique (ou par une mer reliée) Non
81%
des pays ayant plus de 100 millions d'habitants Oui
80%
des pays ayant 8 frontières terrestres ou plus Non
80%
des pays bordés par l'Atlantique (ou par une mer reliée) Non
80%
des pays bordés par l'Atlantique (ou par une mer reliée) Non
80%
des pays bordés par l'Atlantique (ou par une mer reliée) Non
80%
des pays bordés par l'Atlantique (ou par une mer reliée) Non
80%
des pays au moins partiellement au sud de l'équateur Non
80%
des pays au moins partiellement au sud de l'équateur Non
80%
des pays au moins partiellement au sud de l'équateur Non
80%
des pays au moins partiellement au sud de l'équateur Non
79%
des pays bordés par l'Atlantique (ou par une mer reliée) Non
78%
des pays au moins partiellement au sud de l'équateur Non
78%
des pays au moins partiellement au sud de l'équateur Non
78%
des pays au moins partiellement au sud de l'équateur Non
78%
des pays au moins partiellement au sud de l'équateur Non
78%
des pays bordés par l'Atlantique (ou par une mer reliée) Oui
77%
des pays bordés par l'Atlantique (ou par une mer reliée) Non
77%
des pays bordés par l'Atlantique (ou par une mer reliée) Oui
77%
des pays au moins partiellement au sud de l'équateur Non
76%
des pays ayant plus de 100 millions d'habitants Non
75%
des pays ayant plus de 100 millions d'habitants Oui
75%
des pays insulaires Non
75%
des pays insulaires Non
75%
des pays insulaires Non
75%
des pays au moins partiellement au sud de l'équateur Non
75%
des pays au moins partiellement au sud de l'équateur Non
75%
des pays au moins partiellement au sud de l'équateur Non
75%
des pays insulaires Non
74%
des pays insulaires Non
74%
des pays insulaires Non
74%
des pays insulaires Non
74%
des pays insulaires Non
74%
des pays insulaires Non
74%
des pays insulaires Non
74%
des pays insulaires Non
74%
des pays insulaires Non
74%
des pays insulaires Non
74%
des pays insulaires Non
73%
des pays insulaires Non
73%
des pays insulaires Non
73%
des pays au moins partiellement au sud de l'équateur Non
73%
des pays insulaires Non
72%
des pays insulaires Non
72%
des pays bordés par l'Atlantique (ou par une mer reliée) Oui
72%
des pays ayant 8 frontières terrestres ou plus Non
70%
des pays bordés par l'Atlantique (ou par une mer reliée) Oui
70%
des pays bordés par l'Atlantique (ou par une mer reliée) Oui
69%
des pays ayant 8 frontières terrestres ou plus Oui
68%
des pays ayant 8 frontières terrestres ou plus Oui
68%
des pays insulaires Non
68%
des pays au moins partiellement au sud de l'équateur Non
68%
des pays au moins partiellement au sud de l'équateur Oui
68%
des pays au moins partiellement au sud de l'équateur Oui
67%
des pays au moins partiellement au sud de l'équateur Oui
66%
des pays ayant 8 frontières terrestres ou plus Oui
65%
des pays bordés par l'Atlantique (ou par une mer reliée) Oui
65%
des pays au moins partiellement au sud de l'équateur Oui
65%
des pays ayant plus de 100 millions d'habitants Oui
64%
des pays insulaires Oui
63%
des pays bordés par l'Atlantique (ou par une mer reliée) Oui
62%
des pays insulaires Oui
61%
des pays ayant 8 frontières terrestres ou plus Non
60%
des pays ayant plus de 100 millions d'habitants Oui
59%
des pays insulaires Oui
57%
des pays au moins partiellement au sud de l'équateur Non
56%
des pays insulaires Oui
55%
des pays insulaires Oui
55%
des pays au moins partiellement au sud de l'équateur Non
55%
des pays ayant 8 frontières terrestres ou plus Oui
54%
des pays ayant plus de 100 millions d'habitants Oui
53%
des pays bordés par l'Atlantique (ou par une mer reliée) Oui
53%
des pays bordés par l'Atlantique (ou par une mer reliée) Oui
51%
des pays ayant 8 frontières terrestres ou plus Oui
48%
des pays bordés par l'Atlantique (ou par une mer reliée) Oui
48%
des pays au moins partiellement au sud de l'équateur Oui
48%
des pays au moins partiellement au sud de l'équateur Non
48%
des pays bordés par l'Atlantique (ou par une mer reliée) Oui
43%
des pays au moins partiellement au sud de l'équateur Oui
42%
des pays insulaires Oui
40%
des pays au moins partiellement au sud de l'équateur Oui
38%
des pays ayant plus de 100 millions d'habitants Oui
35%
des pays bordés par l'Atlantique (ou par une mer reliée) Oui
35%
des pays bordés par l'Atlantique (ou par une mer reliée) Oui
34%
des pays bordés par l'Atlantique (ou par une mer reliée) Oui
32%
des pays bordés par l'Atlantique (ou par une mer reliée) Oui
31%
des pays bordés par l'Atlantique (ou par une mer reliée) Oui
30%
des pays bordés par l'Atlantique (ou par une mer reliée) Oui
26%
des pays bordés par l'Atlantique (ou par une mer reliée) Oui
22%
des pays ayant 8 frontières terrestres ou plus Oui
18%
des pays au moins partiellement au sud de l'équateur Oui
17%
des pays ayant 8 frontières terrestres ou plus Oui
13%
Aucun quiz correspondant
Distribution des résultats
% des personnes avec chaque résultat
Percentile par nombre de réponses
Votre historique - résultats
Vous n’avez pas pris ce quiz